Essentials of Economics (Record no. 6346)

MARC details
005 - DATE AND TIME OF LATEST TRANSACTION
control field 20250629125909.0
020 ## - INTERNATIONAL STANDARD BOOK NUMBER
International Standard Book Number 0-273-70881-3
082 ## - DEWEY DECIMAL CLASSIFICATION NUMBER
Classification number 330 SLO
100 ## - MAIN ENTRY--PERSONAL NAME
Author name SLOMAN,J.
245 ## - TITLE STATEMENT
Title Essentials of Economics
250 ## - EDITION STATEMENT
Edition statement 4th Ed.
260 ## - PUBLICATION, DISTRIBUTION, ETC.
Place of publication, distribution, etc. London
Name of publisher, distributor, etc. Prentice Hall
Date of publication, distribution, etc. 2007
300 ## - PHYSICAL DESCRIPTION
Extent xxiii,473p.;ill,figure,picture,tables
Other physical details Glossary,Index
Dimensions 26cm.
942 ## - ADDED ENTRY ELEMENTS (KOHA)
Source of classification or shelving scheme Dewey Decimal Classification
Koha item type Books
Holdings
Date last seen Total checkouts Full call number Barcode Cost, replacement price Price effective from Koha item type Lost status Source of classification or shelving scheme Damaged status Not for loan Withdrawn status Home library Current library Shelving location Date acquired Source of acquisition Cost, normal purchase price
06/29/2025   330 SLO MZA0002830 90000.00 06/29/2000 Books   Dewey Decimal Classification       CBE Mwanza CBE Mwanza Special Reserve Collection 06/29/2000 Library Budget 30000.00
06/29/2025   330 SLO MZA0002829 90000.00 06/29/2024 Books   Dewey Decimal Classification       CBE Mwanza CBE Mwanza Special Reserve Collection 06/29/2024 Library Budget 30000.00